Universal's guide to Delhi judicial service : (Record no. 102147)

MARC details
000 -LEADER
fixed length control field 00789nam a22001937a 4500
005 - DATE AND TIME OF LATEST TRANSACTION
control field 20170801142741.0
020 ## - INTERNATIONAL STANDARD BOOK NUMBER
International Standard Book Number 9789350359532
Terms of availability 795.00
035 ## - SYSTEM CONTROL NUMBER
System control number B-667298
037 ## - SOURCE OF ACQUISITION
Stock number dpl
Source of stock number/acquisition Aakar
082 ## - DEWEY DECIMAL CLASSIFICATION NUMBER
Classification number 000
100 ## - MAIN ENTRY--PERSONAL NAME
Personal name Gupta, Vinay Kumar
245 ## - TITLE STATEMENT
Title Universal's guide to Delhi judicial service :
Statement of responsibility, etc by Vinay Kumar Gupta
Remainder of title preliminary examination /
250 ## - EDITION STATEMENT
Edition statement 9th. ed
260 ## - PUBLICATION, DISTRIBUTION, ETC. (IMPRINT)
Place of publication, distribution, etc Gurgaon
Name of publisher, distributor, etc Universal Law Publishing
Date of publication, distribution, etc 2017
270 ## - ADDRESS
Address 14th Floor, Building No.10, Tower-B, DLF Cyber City, Phase-II
City Gurgaon
Postal code 122002
300 ## - PHYSICAL DESCRIPTION
Extent v,857p.
Dimensions 25cm(pbk)
942 ## - ADDED ENTRY ELEMENTS (KOHA)
Source of classification or shelving scheme Dewey Decimal Classification
Item type English Books
Call number suffix GUP
Classification part 000
Holdings
Withdrawn status Lost status Not for loan Collection code Home library Current library Date acquired Source of acquisition Cost, normal purchase price Full call number Barcode Copy number Cost, replacement price Koha item type
      Non-fiction Ashok Vihar Ashok Vihar 01/08/2017 BPPD/EN/2016-17/AV/16-17/451/15.2.2017/I-3323/1.3.2017/ 17.3.2017 798.00 000 GUP B-667298 1 798.00 English Books

© Delhi Public Library
Hit Counter
free hit counter